000 00225 a2200097 4500
001 41758
100 _aHamilton A
245 _aAmerican State Papers:
260 _aLondon
_bEncyclopedia Britannica
_c
090 _c25870
_d25870
942 _aNUST-CAE
_cM
_c17636
999 _c276831
_d276831